[Event "all play all tournament"]
[Site "SchemingMind.com"]
[Date "2014.01.13"]
[Round "-"]
[White "poisonpawn1"]
[Black "Scooter"]
[Result "1-0"]
[WhiteCountry "ENG"]
[BlackCountry "USA"]
[WhiteElo "1584"]
[WhiteRD "78"]
[BlackElo "1674"]
[BlackRD "49"]
[GameID "345476"]

1. d4 Nf6 2. Nf3 g6 3. Bg5 Bg7 4. Nc3 O-O 5. e3 d6 6. Bc4 Bg4 7. O-O d5 8. Bxf6 Bxf6 9. Bxd5 c6 10. Bb3 Nd7
11. h3 Bxf3 12. Qxf3 Nb6 13. Rad1 e6 14. e4 Nd7 15. d5 Bxc3 16. dxe6 fxe6 17. Bxe6+ Kg7 18. Rxd7+ Qxd7 19. Qxc3+
1-0

[Event "all play all tournament"]
[Site "SchemingMind.com"]
[Date "2014.01.13"]
[Round "-"]
[White "Scooter"]
[Black "poisonpawn1"]
[Result "0-1"]
[WhiteCountry "USA"]
[BlackCountry "ENG"]
[WhiteElo "1705"]
[WhiteRD "45"]
[BlackElo "1601"]
[BlackRD "78"]
[GameID "345480"]

1. d4 d5 2. Nf3 Nf6 3. Bf4 g6 4. h3 Bg7 5. e3 Nc6 6. Bb5 O-O 7. O-O Bf5 8. Bxc6 bxc6 9. Ne5 Qb8 10. b3 Ne4
11. Nxc6 Qe8 12. Ne5 f6 13. Nf3 Qc6 14. Nh4 Bc8 15. Bh2 e5 16. Qe2 exd4 17. exd4 Re8 18. Re1 Ba6 19. Qd1 Bh6 20. Nf3 Rab8
21. Nfd2 Nxf2 22. Kxf2 Rxe1 23. Qxe1 Re8 24. Qd1 Be3+
0-1

[Event "all play all tournament"]
[Site "SchemingMind.com"]
[Date "2014.01.21"]
[Round "-"]
[White "kubinet"]
[Black "Aba"]
[Result "0-1"]
[WhiteCountry "GER"]
[BlackCountry "ISR"]
[WhiteElo "1188"]
[WhiteRD "45"]
[BlackElo "1822"]
[BlackRD "76"]
[GameID "345693"]

1. e4 c5 2. Nf3 e6 3. d4 d5 4. Bb5+ Bd7 5. Bxd7+ Nxd7 6. exd5 exd5 7. O-O Be7 8. Re1 f6 9. Nc3 cxd4 10. Nxd4 Nc5
11. Nf5 Kf7 12. Qxd5+ Qxd5 13. Nxd5 Ne6 14. c4 g6 15. Nfxe7 Nxe7 16. Nxe7 Kxe7 17. b3 Rad8 18. Ba3+ Kf7 19. g3 Nd4
0-1

[Event "all play all tournament"]
[Site "SchemingMind.com"]
[Date "2014.01.19"]
[Round "-"]
[White "Aba"]
[Black "kubinet"]
[Result "1-0"]
[WhiteCountry "ISR"]
[BlackCountry "GER"]
[WhiteElo "1822"]
[WhiteRD "76"]
[BlackElo "1188"]
[BlackRD "45"]
[GameID "345700"]

1. e4 e5 2. Nf3 Nc6 3. Bb5 Nf6 4. d3 d6 5. Nbd2 Bd7 6. c3 Be7 7. h3 O-O 8. Bc4 a6 9. b4 b5 10. Bb3 a5
11. a3 axb4 12. cxb4 Nxb4 13. Bc2 c5 14. Bb2 Nxc2+ 15. Qxc2 h6 16. g4 Nh7 17. Ke2 Qb6 18. Rhb1 Ng5 19. Rh1 Nxf3 20. Nxf3 Be6
21. Qd2 Ra4 22. Qd1
1-0

[Event "all play all tournament"]
[Site "SchemingMind.com"]
[Date "2014.01.18"]
[Round "-"]
[White "alexyongpohweng"]
[Black "Daryl Fouard"]
[Result "0-1"]
[WhiteCountry "MAS"]
[BlackCountry "USA"]
[WhiteElo "1287"]
[WhiteRD "45"]
[BlackElo "1675"]
[BlackRD "75"]
[GameID "345768"]

1. e4 c5 2. Bc4 e6 3. Nf3 a6 4. O-O b5 5. Be2 Bb7 6. d3 d6 7. Nc3 Nd7 8. b3 Qc7 9. a3 Ngf6 10. Bb2 g6
11. a4 Bg7 12. axb5 axb5 13. Rxa8+ Bxa8 14. Nxb5 Qb6 15. Nc3 Nh5 16. Nd2 Nf4 17. Na4 Qd8 18. Bf3 Bxb2 19. Nxb2 O-O 20. Ndc4 d5
21. exd5 Nxd5 22. Bxd5 exd5 23. Ne3 Qg5 24. g3 Qf6 25. Ng4 Qxb2 26. Ne3 Qe5 27. Ng4 Qh5 28. f3 f5 29. Ne3 Ne5 30. Qe1 Nxf3+
31. Rxf3 Qxf3 32. Ng2 d4 33. Kh1 Qxg2#
0-1

[Event "all play all tournament"]
[Site "SchemingMind.com"]
[Date "2014.01.18"]
[Round "-"]
[White "Daryl Fouard"]
[Black "alexyongpohweng"]
[Result "1-0"]
[WhiteCountry "USA"]
[BlackCountry "MAS"]
[WhiteElo "1646"]
[WhiteRD "73"]
[BlackElo "1329"]
[BlackRD "44"]
[GameID "345769"]

1. e4 e5 2. f4 exf4 3. Bc4 Qh4+ 4. Kf1 Qf6 5. d4 Be7 6. e5 Qc6 7. Bb3 d6 8. Bxf4 dxe5 9. Bxe5 f6 10. d5 Qa6+
11. c4 fxe5 12. Qh5+ Qg6 13. Qxe5 Qf7+ 14. Nf3 Na6 15. Nd2 Nf6 16. Ng5 Qf8 17. Ndf3 h6 18. Nh4 hxg5 19. Ng6 Qg8 20. Qxe7#
1-0

[Event "all play all tournament"]
[Site "SchemingMind.com"]
[Date "2014.01.19"]
[Round "-"]
[White "kenneth m day"]
[Black "ray winteringham"]
[Result "1-0"]
[WhiteCountry "USA"]
[BlackCountry "ENG"]
[WhiteElo "1764"]
[WhiteRD "48"]
[BlackElo "1405"]
[BlackRD "55"]
[GameID "345815"]

1. e4 e5 2. f4 exf4 3. Nf3 Bc5 4. d4 Bb6 5. Bxf4 d6 6. Nc3 c5 7. Bc4 Nf6 8. dxc5 Bxc5 9. Qd2 O-O 10. O-O-O Be6
11. Bxe6 fxe6 12. Bxd6 Bxd6 13. Qxd6 Nc6 14. Qxe6+
1-0

[Event "all play all tournament"]
[Site "SchemingMind.com"]
[Date "2014.01.19"]
[Round "-"]
[White "ray winteringham"]
[Black "kenneth m day"]
[Result "0-1"]
[WhiteCountry "ENG"]
[BlackCountry "USA"]
[WhiteElo "1447"]
[WhiteRD "56"]
[BlackElo "1756"]
[BlackRD "49"]
[GameID "345816"]

1. e4 e5 2. Nf3 Nc6 3. Bc4 Bc5 4. d3 Nf6 5. Bg5 O-O 6. Nc3 d6 7. a3 h6 8. Bh4 Nd4 9. Nd5 g5 10. Bxg5 hxg5
11. Nxg5 Nxd5 12. Qh5 Nf6 13. Bxf7+ Rxf7 14. Qxf7+ Kh8 15. Qg6 Be6 16. O-O Qf8 17. c3 Ne2+ 18. Kh1 Nf4 19. Nxe6 Nxg6 20. Nxf8 Rxf8
0-1

[Event "all play all tournament"]
[Site "SchemingMind.com"]
[Date "2014.01.19"]
[Round "-"]
[White "bobbassbone"]
[Black "reo"]
[Result "1-0"]
[WhiteCountry "ENG"]
[BlackCountry "THA"]
[WhiteElo "1643"]
[WhiteRD "70"]
[BlackElo "1942"]
[BlackRD "90"]
[GameID "345974"]

1. d4 Nf6 2. Bf4 b6 3. e3 Bb7 4. Nf3 e6 5. c3 Be7 6. Bd3 c5 7. Nbd2 d5 8. O-O O-O 9. h3 Nbd7 10. Re1 Re8
11. Qc2 c4 12. Be2 Nf8 13. Ne5 Ng6 14. Nxg6 fxg6 15. Bf3 Nd7 16. e4 dxe4 17. Bxe4 Bxe4 18. Rxe4 Bg5 19. Bxg5 Qxg5 20. Nxc4 Qf5
21. Nd6
1-0

[Event "all play all tournament"]
[Site "SchemingMind.com"]
[Date "2014.01.20"]
[Round "-"]
[White "reo"]
[Black "bobbassbone"]
[Result "1-0"]
[WhiteCountry "THA"]
[BlackCountry "ENG"]
[WhiteElo "1923"]
[WhiteRD "92"]
[BlackElo "1654"]
[BlackRD "64"]
[GameID "345975"]

1. e4 c6 2. d4 d5 3. e5 Bf5 4. Nc3 e6 5. g4 Bg6 6. Nge2 h6 7. h4 Bb4 8. Nf4 Bxc3+ 9. bxc3 Bh7 10. g5 Nd7
11. gxh6 Nxh6 12. Nxe6 fxe6 13. Bxh6 Qe7 14. Bg5 Qf7 15. Rg1 Bf5 16. Bd3 Nf8 17. Be2 Nh7 18. Be3 O-O-O 19. c4 Qe7 20. c5 Qxh4
21. Qd2 Qe7 22. Qa5 a6 23. Qa4 g6 24. Rb1 Rhg8 25. Bxa6 Rd7 26. Bxb7+
1-0

[Event "all play all tournament"]
[Site "SchemingMind.com"]
[Date "2014.01.22"]
[Round "-"]
[White "emvarela"]
[Black "Clive Everill"]
[Result "0-1"]
[WhiteCountry "ARG"]
[BlackCountry "CZE"]
[WhiteElo "1732"]
[WhiteRD "45"]
[BlackElo "1674"]
[BlackRD "55"]
[GameID "346042"]

1. e4 e6 2. d4 d5 3. Nc3 Bb4 4. e5 Ne7 5. a3 Bxc3+ 6. bxc3 c5 7. Nf3 h6 8. Bb5+ Bd7 9. Bxd7+ Nxd7 10. O-O O-O
11. dxc5 Nxc5 12. Be3 Ne4 13. Bd4 Nc6 14. Nd2 Nxd4 15. cxd4 Nc3 16. Qf3 Nb5 17. Nb3 Rc8 18. Qd3 a6 19. Nc5 Rc7 20. a4 Na7
21. Rab1 Qe7 22. Rb3 Nc6 23. Rfb1 Na5 24. Rb4 Ra8 25. Nb3 Qxb4
0-1

[Event "all play all tournament"]
[Site "SchemingMind.com"]
[Date "2014.01.21"]
[Round "-"]
[White "Clive Everill"]
[Black "emvarela"]
[Result "1-0"]
[WhiteCountry "CZE"]
[BlackCountry "ARG"]
[WhiteElo "1674"]
[WhiteRD "54"]
[BlackElo "1674"]
[BlackRD "46"]
[GameID "346044"]

1. e4 e5 2. f4 exf4 3. Nf3 Be7 4. Bc4 Bh4+ 5. g3 fxg3 6. O-O gxh2+ 7. Kh1 d6 8. Bxf7+ Kf8 9. d4 Bh3 10. Nxh4 Qxh4
11. Rf4 Qxf4 12. Bxf4 Kxf7 13. Qh5+ g6 14. Qxh3
1-0

[Event "all play all tournament"]
[Site "SchemingMind.com"]
[Date "2014.01.21"]
[Round "-"]
[White "eun77"]
[Black "fu_manchu"]
[Result "0-1"]
[WhiteCountry "ISR"]
[BlackCountry "CAN"]
[WhiteElo "1371"]
[WhiteRD "53"]
[BlackElo "1768"]
[BlackRD "74"]
[GameID "346127"]

1. e4 c5 2. d3 Nc6 3. Nf3 d6 4. h3 g6 5. Be2 Bg7 6. O-O Nf6 7. Nh2 Nd4 8. c3 Nxe2+ 9. Qxe2 O-O 10. Be3 Bd7
11. Nd2 Bb5 12. c4 Bc6 13. Rab1 Re8 14. b3 b5 15. cxb5 Bxb5 16. a4 Ba6 17. Rfe1 Qd7 18. Nc4 Rab8 19. Qc2 Rec8 20. Nd2 d5
21. exd5 Nxd5 22. Ndf3 Nxe3 23. Rxe3 Bh6 24. Ree1 Bg7 25. Red1 e5 26. Ng4 Qf5 27. Rd2 h5 28. Ngxe5 Bxe5 29. Nxe5 Qxe5 30. Re2 Qf5
31. Rd1 Re8 32. Rxe8+ Rxe8 33. f3 Re3 34. Qf2 Rxd3 35. Rxd3 Bxd3 36. Qd2 Qd5 37. Qa5 Qxb3 38. Qxc5 Qxa4 39. Qe5 Qb5 40. Qf6 a5
0-1

[Event "all play all tournament"]
[Site "SchemingMind.com"]
[Date "2014.01.21"]
[Round "-"]
[White "fu_manchu"]
[Black "eun77"]
[Result "1-0"]
[WhiteCountry "CAN"]
[BlackCountry "ISR"]
[WhiteElo "1768"]
[WhiteRD "74"]
[BlackElo "1371"]
[BlackRD "53"]
[GameID "346129"]

1. d4 d5 2. c4 c6 3. Nf3 e6 4. e3 Nf6 5. Nc3 Be7 6. Bd3 O-O 7. O-O h6 8. Qc2 Ne8 9. a3 f5 10. Ne5 Nf6
11. Ng6 Rf7 12. cxd5 Nh7 13. dxc6 Nf8 14. Nxe7+ Qxe7 15. d5 bxc6 16. dxc6 Nxc6 17. b4 a6 18. Ne2 Bb7 19. Bb2 Ne5 20. Bxe5 Ng6
21. Bb2 Rc8 22. Qa4 Qd7 23. Qxd7 Rxd7 24. Rfd1 Rcd8 25. Bc2 Rxd1+ 26. Rxd1 Rxd1+ 27. Bxd1 Kf7 28. Nd4 Nh4 29. f3 g5 30. Bb3 Ke7
31. Nxe6 Ng6 32. Ng7 f4 33. exf4 Nxf4 34. Nf5+ Kd7 35. Nxh6 Nd3 36. Bf6 Nc1 37. Bc2
1-0

[Event "all play all tournament"]
[Site "SchemingMind.com"]
[Date "2014.01.22"]
[Round "-"]
[White "cnile"]
[Black "peanuts"]
[Result "0-1"]
[WhiteCountry "SCO"]
[BlackCountry "INT"]
[WhiteElo "1542"]
[WhiteRD "66"]
[BlackElo "1788"]
[BlackRD "92"]
[GameID "346160"]

1. Nf3 d6 2. e4 e5 3. Nc3 Be6 4. d4 exd4 5. Nxd4 c5 6. Nxe6 fxe6 7. Bf4 e5 8. Be3 Nf6 9. Bc4 a6 10. Qf3 b5
11. Be2 Be7 12. O-O-O O-O 13. Kb1 Qc8 14. Nd5 Nxd5 15. Qg3 Nxe3 16. Qxe3 h6 17. Bf3 b4 18. b3 a5 19. g3 a4 20. h4 Nc6
21. g4 Nd4 22. Bg2 axb3 23. cxb3 Qa6 24. Rd2 Ne6 25. Bh3 Bxh4 26. Qd3 Nd4 27. Qxa6 Rxa6
0-1

[Event "all play all tournament"]
[Site "SchemingMind.com"]
[Date "2014.01.23"]
[Round "-"]
[White "peanuts"]
[Black "cnile"]
[Result "0-1"]
[WhiteCountry "INT"]
[BlackCountry "SCO"]
[WhiteElo "1711"]
[WhiteRD "90"]
[BlackElo "1525"]
[BlackRD "68"]
[GameID "346162"]

1. e4 c5 2. c4 Nc6 3. d3 Nf6 4. Be3 Qb6 5. b3 g6 6. Nf3 Bg7 7. Nc3 d6 8. Qc1 Qc7 9. Nb5 Qb6 10. Bh6 O-O
11. Bxg7 Kxg7 12. h3 a6 13. Nc3 Qb4 14. Be2 Bd7 15. O-O Qb6 16. Nd5 Qd8 17. Qb2 Kg8 18. Nxf6+ exf6 19. a3 f5 20. exf5 Bxf5
21. Rfe1 Re8 22. d4 Rc8 23. d5 Ne5 24. Nxe5 Rxe5 25. b4 cxb4 26. axb4 Qg5 27. Kh2 Rce8 28. g3 Qh6 29. g4 Bxg4 30. Bxg4 Rxe1
31. Rxe1 Rxe1 32. Kg2 Re5 33. Kg3 Qg7 34. Qc3 Re2 35. Qd3 Qe5+ 36. Kf3 Re1 37. Bc8 Qh5+ 38. Kg2 Qg5+ 39. Kf3 Qf6+ 40. Kg2 Qe5
41. Bxb7 Ra1 42. Qg3 Qe4+ 43. Kh2 Rh1#
0-1

[Event "all play all tournament"]
[Site "SchemingMind.com"]
[Date "2014.02.16"]
[Round "-"]
[White "Daryl Fouard"]
[Black "poisonpawn1"]
[Result "1-0"]
[WhiteCountry "USA"]
[BlackCountry "ENG"]
[WhiteElo "1662"]
[WhiteRD "77"]
[BlackElo "1611"]
[BlackRD "80"]
[GameID "347799"]

1. e4 Nc6 2. d4 d5 3. e5 g6 4. Nf3 Bg7 5. c3 e6 6. Bb5 Bd7 7. O-O Nge7 8. Bg5 O-O 9. Nbd2 a6 10. Ba4 h6
11. Bh4 Re8 12. Bc2 g5 13. Bg3 Kh8 14. Nxg5 hxg5 15. Qh5+ Kg8 16. Nf3 Na5 17. Nxg5 Ng6 18. Bxg6 Re7 19. Nxf7 Be8 20. Nxd8 Rxd8
21. Bh4
1-0

[Event "all play all tournament"]
[Site "SchemingMind.com"]
[Date "2014.02.15"]
[Round "-"]
[White "poisonpawn1"]
[Black "Daryl Fouard"]
[Result "1-0"]
[WhiteCountry "ENG"]
[BlackCountry "USA"]
[WhiteElo "1611"]
[WhiteRD "80"]
[BlackElo "1662"]
[BlackRD "77"]
[GameID "347801"]

1. d4 Nf6 2. Nf3 c5 3. d5 Qa5+ 4. Bd2 Qb5 5. Nc3 Qb6 6. Rb1 e6 7. Bg5 Nxd5 8. Nxd5 exd5 9. Qxd5 Bd6 10. e4 O-O
11. e5 Re8 12. Bc4
1-0

[Event "all play all tournament"]
[Site "SchemingMind.com"]
[Date "2014.04.07"]
[Round "-"]
[White "Aba"]
[Black "reo"]
[Result "1-0"]
[WhiteCountry "ISR"]
[BlackCountry "THA"]
[WhiteElo "1787"]
[WhiteRD "70"]
[BlackElo "1838"]
[BlackRD "84"]
[GameID "354368"]

1. e4 Nc6 2. Nf3 e5 3. Bc4 Bc5 4. c3 Qe7 5. d3 Bb6 6. a3 d6 7. h3 Nf6 8. Bg5 O-O 9. Nbd2 Be6 10. b4 a6
11. Qb3 Bxc4 12. Nxc4 Ba7 13. a4 Qe6 14. O-O h6 15. Bh4 g5 16. Bg3 Nh5 17. Qb2 f5 18. exf5 Qxf5 19. d4 e4 20. Nfd2 d5
21. Ne3 Qd7 22. Bh2 Ne7 23. f3 exf3 24. Nxf3 Ng6 25. Qc2 Ngf4 26. Rae1 c6 27. Ng4 Qg7 28. g3 Ng6 29. Kg2 Rf7 30. Nge5 Nxe5
31. Nxe5 Rf6 32. Qd2 Raf8 33. Qe3 Bb8 34. Rxf6 Rxf6 35. Qe2
1-0

[Event "all play all tournament"]
[Site "SchemingMind.com"]
[Date "2014.04.07"]
[Round "-"]
[White "reo"]
[Black "Aba"]
[Result "0-1"]
[WhiteCountry "THA"]
[BlackCountry "ISR"]
[WhiteElo "1838"]
[WhiteRD "84"]
[BlackElo "1787"]
[BlackRD "70"]
[GameID "354369"]

1. d4 Nf6 2. c4 g6 3. Nc3 Bg7 4. e4 d6 5. f3 O-O 6. Be3 Nc6 7. Nge2 e5 8. d5 Ne7 9. Qd2 c6 10. Bh6 cxd5
11. Bxg7 Kxg7 12. cxd5 Qb6 13. Nd1 Nd7 14. Nf2 f5 15. Nc3 a6 16. exf5 Nxf5 17. Ng4 Nf6 18. Nxf6 Rxf6 19. Ne4 Rf7 20. Bd3 Nd4
21. h4 Rxf3 22. Rf1 Rxf1+ 23. Kxf1 Bg4 24. Rc1 Rf8+ 25. Ke1 Rf4 26. Rc4 Bf5 27. Rb4 Qc7 28. Rxd4 Qb6 29. Be2 Bxe4 30. g3 Rf7
0-1

[Event "all play all tournament"]
[Site "SchemingMind.com"]
[Date "2014.06.09"]
[Round "-"]
[White "fu_manchu"]
[Black "Clive Everill"]
[Result "1-0"]
[WhiteCountry "CAN"]
[BlackCountry "CZE"]
[WhiteElo "1798"]
[WhiteRD "68"]
[BlackElo "1712"]
[BlackRD "55"]
[GameID "359624"]

1. d4 f5 2. c4 Nf6 3. Nf3 d6 4. Bg5 Nbd7 5. e3 h6 6. Bh4 g5 7. Bg3 Ne4 8. Nh4 Nxg3 9. Nxf5 Nf6 10. Nxg3 Bd7
11. Bd3 Kf7 12. O-O c6 13. f4 g4 14. e4 Bg7 15. e5 Nh7 16. Nh5 Qb6 17. Bc2 Qxb2 18. Qd3 Qxa1 19. Qg6+ Kf8 20. Qxg7+ Ke8
21. Qxh8+ Nf8 22. Bg6+ Kd8 23. Qxf8+ Kc7 24. Qxa8 Qxa2 25. Be8 Bxe8 26. exd6+ exd6 27. Qxe8 Qxc4 28. Qe7+ Kb6 29. Qxd6 Qb5 30. Na3 Qxh5
31. Rb1+ Ka6 32. Qc7 g3 33. Qxb7+
1-0

[Event "all play all tournament"]
[Site "SchemingMind.com"]
[Date "2014.06.09"]
[Round "-"]
[White "Clive Everill"]
[Black "fu_manchu"]
[Result "0-1"]
[WhiteCountry "CZE"]
[BlackCountry "CAN"]
[WhiteElo "1712"]
[WhiteRD "55"]
[BlackElo "1798"]
[BlackRD "68"]
[GameID "359625"]

1. e4 c5 2. Nf3 Nc6 3. Bb5 d6 4. O-O Bd7 5. Re1 Nf6 6. h3 g6 7. c3 Qb6 8. a4 Bg7 9. d4 cxd4 10. cxd4 O-O
11. Nc3 a6 12. Be2 Rad8 13. b3 e5 14. d5 Nd4 15. Rb1 Rc8 16. Bd2 Rxc3 17. Bxc3 Nxe4 18. Bxd4 exd4 19. Qd3 Bf5 20. Qd1 Nc3
21. Qd2 Nxb1 22. Rxb1 Bxb1 23. Qd1 Re8 24. Kf1 d3 25. Bxd3 Bxd3+ 26. Qxd3 Rc8 27. g4 Rc3 28. Qe4 Qxb3 29. Qe8+ Bf8 30. Ng5 Qxd5
31. Nxh7 Qh1+ 32. Ke2 Rc2+ 33. Kd3 Qd1+
0-1

[Event "all play all tournament"]
[Site "SchemingMind.com"]
[Date "2014.07.01"]
[Round "-"]
[White "Aba"]
[Black "kenneth m day"]
[Result "1-0"]
[WhiteCountry "ISR"]
[BlackCountry "USA"]
[WhiteElo "1792"]
[WhiteRD "73"]
[BlackElo "1708"]
[BlackRD "50"]
[GameID "360784"]

1. e4 e5 2. Nf3 d6 3. d4 exd4 4. Nxd4 g6 5. c4 Bg7 6. Nc3 Nc6 7. Be3 Bd7 8. g3 Nge7 9. a3 Ne5 10. h3 c5
11. Ndb5 Bc6 12. f4 Nd7 13. Qxd6 Nc8 14. Nc7+ Qxc7 15. Qxc7 Ncb6 16. Nd5 O-O 17. Rd1 Rfe8 18. Nxb6 axb6 19. Rxd7 Bxd7 20. Qxd7 Bxb2
21. Bg2
1-0

[Event "all play all tournament"]
[Site "SchemingMind.com"]
[Date "2014.07.01"]
[Round "-"]
[White "kenneth m day"]
[Black "Aba"]
[Result "0-1"]
[WhiteCountry "USA"]
[BlackCountry "ISR"]
[WhiteElo "1754"]
[WhiteRD "50"]
[BlackElo "1788"]
[BlackRD "72"]
[GameID "360785"]

1. e4 e5 2. f4 exf4 3. Nf3 g5 4. Nc3 Nc6 5. d4 Bb4 6. Bc4 d6 7. g3 Bg4 8. O-O Qf6 9. Nd5 Qd8 10. c3 Ba5
11. b4 Bb6 12. Nxb6 axb6 13. Bxf7+ Kxf7 14. Nxg5+ Qxg5 15. Rxf4+ Qxf4 16. Qb3+ Be6
0-1

[Event "all play all tournament"]
[Site "SchemingMind.com"]
[Date "2014.07.11"]
[Round "-"]
[White "Daryl Fouard"]
[Black "fu_manchu"]
[Result "1-0"]
[WhiteCountry "USA"]
[BlackCountry "CAN"]
[WhiteElo "1699"]
[WhiteRD "78"]
[BlackElo "1798"]
[BlackRD "68"]
[GameID "361307"]

1. e4 c5 2. Nf3 Nc6 3. Bb5 a6 4. Bxc6 bxc6 5. O-O d6 6. e5 d5 7. h3 g6 8. Re1 Bg7 9. d3 e6 10. c3 Ne7
11. Bf4 O-O 12. Bg5 Qc7 13. Qa4 Bb7 14. Nbd2 Nc8 15. Qh4 f6 16. exf6 Bh8 17. Rxe6 Nd6 18. Qf4 Qd7 19. Rxd6 Qc7 20. Re1 Rad8
21. Rxd8 Qxf4 22. Rxf8+
1-0

[Event "all play all tournament"]
[Site "SchemingMind.com"]
[Date "2014.07.11"]
[Round "-"]
[White "fu_manchu"]
[Black "Daryl Fouard"]
[Result "1-0"]
[WhiteCountry "CAN"]
[BlackCountry "USA"]
[WhiteElo "1798"]
[WhiteRD "68"]
[BlackElo "1699"]
[BlackRD "78"]
[GameID "361308"]

1. d4 Nf6 2. c4 c5 3. d5 b5 4. cxb5 a6 5. bxa6 g6 6. Nc3 Bxa6 7. Nf3 d6 8. g3 Bg7 9. Bg2 Nbd7 10. O-O Nb6
11. Re1 O-O 12. e4 Nfd7 13. Bd2 Nc4 14. Bc1 Rb8 15. Qc2 Nce5 16. Nxe5 Nxe5 17. Rd1 Qa5 18. Bd2 Nc4 19. Rab1 Nxd2 20. Qxd2 Bxc3
21. Qxc3 Be2 22. Qxa5
1-0

[Event "all play all tournament"]
[Site "SchemingMind.com"]
[Date "2014.09.04"]
[Round "-"]
[White "Daryl Fouard"]
[Black "Aba"]
[Result "0-1"]
[WhiteCountry "USA"]
[BlackCountry "ISR"]
[WhiteElo "1697"]
[WhiteRD "90"]
[BlackElo "1811"]
[BlackRD "76"]
[GameID "364065"]

1. e4 e5 2. f4 exf4 3. Bc4 Qh4+ 4. Kf1 Bc5 5. d4 Bb6 6. Nf3 Qf6 7. e5 Qf5 8. Bd3 Qh5 9. Bxf4 Bxd4 10. c3 Bb6
11. Qb3 f6 12. h3 Nc6 13. g4 Qf7 14. Bc4 Qf8 15. Kg2 Qc5 16. Rf1 Nge7 17. exf6 gxf6 18. Bf7+ Kd8 19. Bh6 d5 20. Bg7 Qe3
21. Qc2 Re8 22. Bxe8 Kxe8 23. Bxf6 Qh6 24. Bxe7 Nxe7 25. Re1 Bd7 26. Qe2 Bc5 27. b4 Bd6 28. Na3 Kf8 29. Ne5 Ba4 30. Rf1+ Kg8
31. Rae1 Re8 32. Nb5 Bxe5 33. Qxe5 Bxb5 34. Rf6 Qg7 35. Rf7 Qxf7 36. Qg5+ Ng6 37. Rxe8+ Bxe8
0-1

[Event "all play all tournament"]
[Site "SchemingMind.com"]
[Date "2014.09.04"]
[Round "-"]
[White "Aba"]
[Black "Daryl Fouard"]
[Result "1/2-1/2"]
[WhiteCountry "ISR"]
[BlackCountry "USA"]
[WhiteElo "1811"]
[WhiteRD "76"]
[BlackElo "1697"]
[BlackRD "90"]
[GameID "364066"]

1. e4 e6 2. d4 d5 3. Nc3 Nf6 4. e5 Nfd7 5. f4 c5 6. dxc5 Nc6 7. a3 Nxc5 8. b4 Nd7 9. Nf3 Be7 10. Bd3 Nxb4
11. axb4 Bxb4 12. Bd2 Qc7 13. Nb5 Bxd2+ 14. Qxd2 Qc5 15. Ra5 Qb6 16. Nfd4 O-O 17. Ke2 a6 18. Nf3 Nc5 19. Nd6 Nxd3 20. cxd3 Bd7
21. Rc1 Bc6 22. Ra3 f6 23. Rac3 d4 24. Rc4 Bxf3+ 25. Kxf3 fxe5 26. Ne4 Rxf4+ 27. Ke2 Raf8 28. Rc8 Rxc8 29. Rxc8+ Rf8 30. Rc1 a5
31. Qa2 Ra8 32. Rc5 a4 33. Qa3 Qb3 34. Qxb3 axb3 35. Rb5 Ra2+ 36. Kf3 Ra3 37. Rxb7 b2 38. Nd6 Rxd3+ 39. Ke2 Re3+ 40. Kf2 Kf8
41. Rxb2 Ke7 42. Nc4 Re4 43. Kf3 Rf4+ 44. Ke2 e4 45. Nd2 e3 46. Nf3 e5 47. Rb6 Rf5 48. g4 Rf4 49. h3 Rf8=
1/2-1/2